Reprezentácia dát analytickými funkciami vo fyzike /

Salvato in:
Dettagli Bibliografici
Autori principali: Pišút, Ján (Autore), Lichard, Peter (Autore), Prešnajder, Peter (Autore)
Natura: Libro
Lingua:slovacco
Pubblicazione: Bratislava : Veda, 1982
Edizione:1.vyd.
Tags: Aggiungi Tag
Nessun Tag, puoi essere il primo ad aggiungerne!!

MARC

LEADER 00000nam a22000003a 4500
001 stu9575
005 20150617225805.3
008 970424s1982----cs------------------slo-d
040 |a STU  |b slo 
041 0 |a slo 
044 |a cs 
080 |a 517.56 
080 |a 539.12 
100 1 |a Pišút, Ján  |4 aut 
245 1 |a Reprezentácia dát analytickými funkciami vo fyzike /  |c [aut.] Lichard,P.; Pišút,J.; Prešnajder,P 
250 |a 1.vyd. 
260 |a Bratislava :  |b Veda,  |c 1982 
300 |a 257 s 
700 1 |a Lichard, Peter  |4 aut 
700 1 |a Prešnajder, Peter  |4 aut 
996 |b E51552  |c E*51552  |l EE03  |s P  |a 0  |w stu9575_0001 
996 |b 284EK01758  |c E*53358  |l EE01  |s A  |a 24  |w stu9575_0002